Judikatúra vo veciach ochrany životného prostredia

Bibliographic Details
Other Authors: Gavalec, Miroslav (Compiler)
Format: Book
Language:Slovak
PhysicalDescription:355 s. 21 cm
Published: Bratislava Wolters Kluwer 2015
ISBN:9788081682308
Edition:1. vyd.
Subjects:

MARC

LEADER 00000nam a2200000 a 4500
001 vtls011133846
003 SK-MaSNL
005 20260301134501.0
008 200318s2015 xo e 001 0 slo
015 |a SNBA2015/11 
020 |a 9788081682308  |q (brož.) 
035 |a urn:nbn:sk:snk-am0094bo 
035 |a urn:nbn:sk:snk-am3hbd5 
035 |a 57F7B1FF-536E-48DC-9CB7-865F7017C0AE 
040 |a SNK  |b slo  |c SNK  |e AACR2 
041 0 |a slo 
044 |a xo  |c SK 
072 7 |a 349  |x Pracovné, sociálne, stavebné právo. Právo životného prostredia  |2 konspekt 
080 |a 502.17  |2 2001 
080 |a 349.6  |2 2001 
080 |a (048.8)  |2 2011 
245 0 0 |a Judikatúra vo veciach ochrany životného prostredia  |c zostavil Miroslav Gavalec 
250 |a 1. vyd. 
260 |a Bratislava  |b Wolters Kluwer  |c 2015 
300 |a 355 s.  |c 21 cm 
504 |a Reg. ; skrat. 
650 0 7 |a ochrana životného prostredia  |2 SNKPH  |9 3352 
650 0 7 |a Environmental protection  |2 SNKPHeng  |9 265610 
650 0 7 |a environmentálne právo  |2 SNKPH  |9 192070 
650 0 7 |a Environmental protection law  |2 SNKPHeng  |9 266971 
655 7 |a monografie  |2 SNKPH  |9 70139 
655 7 |a Monographs  |2 SNKPHeng  |9 120675 
700 1 |a Gavalec, Miroslav  |4 com  |9 296936 
852 |a Štátna vedecká knižnica v Banskej Bystrici 
919 |a 978-80-8168-230-8 
999 |c 757239  |d 759169 
952 |a SNK  |b SNK  |y PREZ  |7 0  |p 17A1173834  |o snkSC 166817  |i snk2015/30203  |8 0  |0 0  |1 0  |4 0  |d 2015-11-03  |f 1  |l 0  |r 2026-02-23 23:53:04  |w 2026-02-23 
952 |a SNK  |b SNK  |y VYP  |7 0  |p 17A1173835  |o snkSC 166817 D1  |i snk2015/30205  |8 0  |0 0  |1 0  |4 0  |d 2015-11-03  |l 0  |r 2026-02-23 23:53:04  |w 2026-02-23